| 000 | 00413nam a22001337a 4500 | ||
|---|---|---|---|
| 020 | _a0471619027 | ||
| 020 | _a9780471619024 | ||
| 050 |
_aQH315 _b.B56 1989 |
||
| 245 |
_a Biology : exploring life _bStudy guide _cMichael LeBoffe; Gary Wisehart; Gilbert D Brum; Larry McKane |
||
| 260 |
_aNew York : _bWiley, _c1989. |
||
| 300 | _aviii, 309 pages : illustrations ; 28 cm | ||
| 650 | _b Biology. | ||
| 942 |
_2lcc _cGEN |
||
| 999 |
_c9456 _d9456 |
||